Catálogo
 En Linea

Apoio internacional ao desenvolvimiento local : (Registro nro. 45124)

Detalles MARC
000 -CABECERA
campo de control de longitud fija 01829nam a2200193 a 4500
001 - NÚMERO DE CONTROL
campo de control 000045635
005 - FECHA Y HORA DE LA ÚLTIMA TRANSACCIÓN
campo de control 20201002052346.0
008 - DATOS DE LONGITUD FIJA--INFORMACIÓN GENERAL
campo de control de longitud fija 150420s2009 bl ab 000 0 spa d
040 ## - FUENTE DE LA CATALOGACIÓN
Centro catalogador/agencia de origen DO-SdBNP
Lengua de catalogación spa
Centro/agencia transcriptor BNPHU
082 ## - NÚMERO DE LA CLASIFICACIÓN DECIMAL DEWEY
Número de clasificación xxxx
Número de documento/Ítem xxxx
245 00 - MENCIÓN DE TÍTULO
Título Apoio internacional ao desenvolvimiento local :
Resto del título experiências sociais com juventudes no Nordeste /
Mención de responsabilidad, etc. Leilah Landim, Maria Coralina Trevisan (organizadoras) ; Andrés A. Thompson ... [et al.].
260 ## - PUBLICACIÓN, DISTRIBUCIÓN, ETC.
Lugar de publicación, distribución, etc. Sáo Paulo, Brasil :
Nombre del editor, distribuidor, etc. Fundação Peirópolis,
Fecha de publicación, distribución, etc. 2009.
300 ## - DESCRIPCIÓN FÍSICA
Extensión 248 p. :
Otras características físicas il., mapas, ;
Dimensiones 24 cm.
504 ## - NOTA DE BIBLIOGRAFÍA, ETC.
Nota de bibliografía, etc. Bibliografía : p. 203
500 ## - NOTA GENERAL
Nota general Incluye referencias bibliográficas y notas al pie de las páginas.
505 0# - NOTA DE CONTENIDO CON FORMATO
Título Reflexões sobre o papel dos financiadores no desenvolvimento social /
Mención de responsabilidad Andrés A. Thompson --
Título O desenvolvimento do Nordeste brasileiro e os Conjuntos Integrados de Projetos (CIPs) /
Mención de responsabilidad Rui Mesquita Cordeiro --
Título Jovens na linha de frente Por Rui Mesquita Cordeiro /
Mención de responsabilidad Rui Mesquita Cordeiro --
Título Desenvolvimento local: Concepção teórica e experiência dos Conjuntos Integrados de Projetos (CIPs) /
Mención de responsabilidad Arturo Jordán --
Título As possibilidades educacionais nos Conjuntos Integrados de Projetos (CIPs) /
Mención de responsabilidad Ruy Berger Filho --
Título Alianças estratégicas em processos de desenvolvimento local /
Mención de responsabilidad Antônio Nascimento --
Título Apoiando e aprendendo: o papel dos agentes externos no processo de desenvolvimento local /
Mención de responsabilidad Roseni Sena e Lis Hirano Wittkamper --
Título Estratégias de desenvolvimento local e políticas públicas /
Mención de responsabilidad Beatriz Azeredo --
Título Anexo I: Referências da Fundação W. K. Kellogg
-- Anexo II: O Nordeste dos CIPs --
-- Anexo III: Investimentos na iniciativa de Conjuntos Integrados de Projetos no Nordeste do Brasil (1999-2010) --
-- Anexo IV: Índice de abreviaturas --
700 12 - PUNTO DE ACCESO ADICIONAL--NOMBRE DE PERSONA
Nombre de persona Landim, Leilah
9 (RLIN) 73701
700 12 - PUNTO DE ACCESO ADICIONAL--NOMBRE DE PERSONA
Nombre de persona Trevisan, Maria Carolina
9 (RLIN) 73702
Existencias
Estado de retiro Estado de pérdida Restricciones de uso No para préstamo Código de colección Localización permanente Ubicación/localización actual Ubicación en estantería Fecha de adquisición Número de inventario Total de préstamos Signatura topográfica completa Código de barras Fecha visto por última vez Precio válido a partir de Tipo de ítem Koha
      Excluido de préstamo Monografías: Libros y Folletos General General Depósito 20.04.2015 LF1   xxxx xxxx 45635-10 25.06.2020 25.06.2020 No se presta

Con tecnología Koha